Construction safety manual

Bibliographic Details
Main Author: Heberle, Dave
Format: Book
Published: New York : Mc Graw-Hill , c1998
Subjects:

MARC

LEADER 00000cam a2200000 7i4500
001 0000009713
005 20050615.0
020 |a 007034454X 
040 |a INS 
090 0 0 |a TH443.   |b H43 1998 
100 1 |a Heberle, Dave 
245 1 0 |a Construction safety manual   |c Dave Heberle 
260 |a New York :   |b Mc Graw-Hill ,   |c c1998 
300 |a 508p. ;   |c 24cm. 
650 0 0 |a Building   |x Safety measures   |x Handbook, manual, etc 
999 |a 0000008274   |b BOOK   |c Open Shelf   |e Default branch 
999 |a 0000009098   |b BOOK   |c Open Shelf   |e Default branch